Bahá'u'lláh and the new era : (Record no. 1783)

000 -LEADER
fixed length control field 01104nam a22003497a 4500
001 - CONTROL NUMBER
control field 882763
003 - CONTROL NUMBER IDENTIFIER
control field OSt
005 - DATE AND TIME OF LATEST TRANSACTION
control field 20210419090552.0
008 - FIXED-LENGTH DATA ELEMENTS--GENERAL INFORMATION
fixed length control field 800919s1980 ilu b 001 0 eng
010 ## - LIBRARY OF CONGRESS CONTROL NUMBER
LC control number 80024305
020 ## - INTERNATIONAL STANDARD BOOK NUMBER
International Standard Book Number 0877431604 (pbk.)
040 ## - CATALOGING SOURCE
Original cataloging agency DLC
Transcribing agency DLC
Modifying agency DLC
Language of cataloging eng
041 ## - LANGUAGE CODE
Language code of text/sound track or separate title eng
050 00 - LIBRARY OF CONGRESS CALL NUMBER
Classification number BP365
Item number .E8 1980
080 ## - UNIVERSAL DECIMAL CLASSIFICATION NUMBER
Universal Decimal Classification number 821.111
Item number E-80
082 00 - DEWEY DECIMAL CLASSIFICATION NUMBER
Classification number 297/.89
Edition number 19
100 1# - MAIN ENTRY--PERSONAL NAME
Personal name Esslemont, J. E.
Fuller form of name (John Ebenezer),
Dates associated with a name 1874-1925.
245 10 - TITLE STATEMENT
Title Bahá'u'lláh and the new era :
Remainder of title an introduction to the Bahá'í faith /
Statement of responsibility, etc. / by: Bahá'í Pub. Trust
250 ## - EDITION STATEMENT
Edition statement 5th revised paper edition
260 ## - PUBLICATION, DISTRIBUTION, ETC.
Place of publication, distribution, etc. Wilmette, Ill.
Name of publisher, distributor, etc. Bahá'í Pub. Trust
Date of publication, distribution, etc. 1980.
300 ## - PHYSICAL DESCRIPTION
Extent xiv, 300 p.
Dimensions 18 cm.
500 ## - GENERAL NOTE
General note Includes index.
504 ## - BIBLIOGRAPHY, ETC. NOTE
Bibliography, etc. note Bibliography: p. 287.
600 00 - SUBJECT ADDED ENTRY--PERSONAL NAME
Personal name Baháʾuʾlláh,
Dates associated with a name 1817-1892.
650 #0 - SUBJECT ADDED ENTRY--TOPICAL TERM
Topical term or geographic name entry element Bahai Faith.
650 #0 - SUBJECT ADDED ENTRY--TOPICAL TERM
Topical term or geographic name entry element English literature
9 (RLIN) 254
653 ## - INDEX TERM--UNCONTROLLED
Uncontrolled term ინგლისური ლიტერატურა
906 ## - LOCAL DATA ELEMENT F, LDF (RLIN)
a 7
b cbc
c orignew
d u
e ocip
f 19
g y-gencatlg
942 ## - ADDED ENTRY ELEMENTS (KOHA)
Source of classification or shelving scheme
Koha item type Books
Edition 5
Holdings
Withdrawn status Lost status Source of classification or shelving scheme Damaged status Not for loan Permanent location Current location Date acquired Inventory number Total Checkouts Full call number Barcode Date last seen Price effective from Koha item type
          Ken Walker International University Ken Walker International University 02/27/2021 1942   821.111 E-80 1942 02/27/2021 02/27/2021 Books

Powered by Koha